Congreso de Bellas Artes (Record no. 46732)

MARC details
000 -LEADER
campo de control de longitud fija 00587nam a2200157 i 4500
001 - NÚMERO DE CONTROL
campo de control 46732
003 - IDENTIFICADOR DE NÚMERO DE CONTROL
campo de control ES-MaACL
005 - FECHA Y HORA DE LA ÚLTIMA TRANSACCIÓN
campo de control 20230906161434.0
007 - CAMPO FIJO DE DESCRIPCIÓN FÍSICA--INFORMACIÓN GENERAL
campo de control de longitud fija t|
008 - DATOS DE LONGITUD FIJA--INFORMACIÓN GENERAL
campo de control de longitud fija 030331q1945 sp ||||1| spa d
111 2# - ENTRADA PRINCIPAL--NOMBRE DE CONGRESO/REUNIÓN
Nombre de congreso/reunión o jurisdicción como elemento de entrada Congreso de Bellas Artes (
Fecha del congreso o de la firma del tratado 1945.
Sede del congreso/Lugar de la reunión Madrid)
9 (RLIN) 295
245 10 - MENCIÓN DEL TÍTULO
Título Congreso de Bellas Artes
Resto del título : celebrada en el Círculo de Bellas Artes de Madrid 22-28 de mayo de 1945 : memoria /
Mención de responsabilidad, etc. redactada por el secretario del Congreso.
260 ## - PUBLICACIÓN, DISTRIBUCIÓN, ETC.
Lugar de publicación, distribución, etc. [S.l. :
Nombre del editor, distribuidor, etc. s.n.,
Fecha de publicación, distribución, etc. 1945?] (
Lugar de fabricación/manufactura Madrid :
Fabricante Imp. Ernesto Catalá)
300 ## - DESCRIPCIÓN FÍSICA
Extensión 126 p. ;
Dimensiones 25 cm.
852 ## - LOCALIZACIÓN
Ubicación ES-MaACL
Número de control de estantería 1867-F-12
Sublocalización o colección R.21708
Holdings
Estatus retirado Estado de pérdida Estado de daño No para préstamo Colección Biblioteca de origen Biblioteca actual Ubicación en estantería Fecha de adquisición Fuente de adquisición Total de préstamos Signatura topográfica completa Código de barras Visto por última vez Precio de reemplazo Tipo de ítem Koha
        Colección de folletos Biblioteca del Ateneo de Madrid Biblioteca del Ateneo de Madrid Depósito folletos 17/01/2008     1867-F-12 1049152 23/02/2023 23/02/2023 Folleto